000 00413nam a2200181Ia 4500
001 14126
003 GE_BSU
008 181216s||||||||xx |||||||||||||| ||und||
040 _cGE_BSU
080 _a641
245 _aCreative casserole cookery
260 _aLondon
260 _bGuild publishing/Ebury Press
260 _c1985
300 _a159p.ill.25cm.
653 _aCreative casserole cookery
942 _cBK
999 _c47266
_d47266